Online
Catalog

Goya / (Record no. 4752)

MARC details
000 -CABECERA
campo de control de longitud fija 00863cam a2200265 a 4500
001 - NÚMERO DE CONTROL
campo de control 000004946
005 - FECHA Y HORA DE LA ÚLTIMA TRANSACCIÓN
campo de control 20200929151536.0
008 - DATOS DE LONGITUD FIJA--INFORMACIÓN GENERAL
campo de control de longitud fija 820908s1953 sp a 001 f spa d
040 ## - FUENTE DE LA CATALOGACIÓN
Centro catalogador/agencia de origen DO-SdBNP
Lengua de catalogación spa
Centro/agencia transcriptor BNPHU
082 ## - NÚMERO DE LA CLASIFICACIÓN DECIMAL DEWEY
Número de clasificación 864.6
Número de documento/Ítem G633G, 1953
049 ## - FONDOS LOCALES (OCLC)
Fondos de biblioteca BNGR
100 1# - ENTRADA PRINCIPAL--NOMBRE DE PERSONA
Nombre de persona Gómez de la Serna, Ramón,
Fechas asociadas al nombre 1888-1963
9 (RLIN) 14278
245 10 - MENCIÓN DE TÍTULO
Título Goya /
Mención de responsabilidad, etc. Ramón Gómez de la Serna.
250 ## - MENCIÓN DE EDICIÓN
Mención de edición 2a ed.
260 ## - PUBLICACIÓN, DISTRIBUCIÓN, ETC.
Lugar de publicación, distribución, etc. Madrid, España :
Nombre del editor, distribuidor, etc. Espasa - Calpe,
Fecha de publicación, distribución, etc. 1953.
300 ## - DESCRIPCIÓN FÍSICA
Extensión 226 p. :
Otras características físicas il. ;
Dimensiones 18 cm.
490 1# - MENCIÓN DE SERIE
Mención de serie Austral
Designación de volumen o secuencia 920
500 ## - NOTA GENERAL
Nota general Incluye índice de autores
650 #4 - PUNTO DE ACCESO ADICIONAL DE MATERIA--TÉRMINO DE MATERIA
Término de materia o nombre geográfico como elemento de entrada Ensayos españoles
9 (RLIN) 3095
650 #4 - PUNTO DE ACCESO ADICIONAL DE MATERIA--TÉRMINO DE MATERIA
Término de materia o nombre geográfico como elemento de entrada Literatura española
9 (RLIN) 632
600 10 - PUNTO DE ACCESO ADICIONAL DE MATERIA--NOMBRE DE PERSONA
Nombre de persona GOYA, FRANCISCO DE,
Fechas asociadas al nombre 1746-1828.
Subdivisión general BIOGRAFÍAS
9 (RLIN) 14279
650 #4 - PUNTO DE ACCESO ADICIONAL DE MATERIA--TÉRMINO DE MATERIA
Término de materia o nombre geográfico como elemento de entrada Pintura española
Subdivisión general Historia y crítica
9 (RLIN) 14280
650 #4 - PUNTO DE ACCESO ADICIONAL DE MATERIA--TÉRMINO DE MATERIA
Término de materia o nombre geográfico como elemento de entrada Pintores españoles
Subdivisión de forma BIOGRAFÍAS
9 (RLIN) 14281
830 #0 - PUNTO DE ACCESO ADICIONAL DE SERIE-TÍTULO UNIFORME
Título uniforme Austral;
Número de parte o sección de la obra 920.
9 (RLIN) 14282
Holdings
Estado de retiro Estado de pérdida Restricciones de uso No para préstamo Código de colección Localización permanente Ubicación/localización actual Ubicación en estantería Fecha de adquisición Número de inventario Total de préstamos Signatura topográfica completa Código de barras Fecha visto por última vez Precio válido a partir de Tipo de ítem Koha
        Monografías: Libros y Folletos General General Depósito 27.07.2009 LF1   864.6 G633G, 1953 4946-10 25.06.2020 25.06.2020 Préstamo en sala

Powered by Koha